00434nam a2200181Ia 4500003000400000005001700004008004100021020001400062040000700076041000800083082002100091100002700112245003500139250000600174260004100180300001700221365001400238OSt20230323103835.0210423s2004 xx 000 0 und d a521655439 cAL aeng a821.4 223bDAND aDANIELSON (Dennis),Ed. aCambridge companion to Milton. a2 aUKbCambridge University Pressc2004 axvii,297bPB b1462cINR